Jean Arthur Filmography - Statistics

General Stats
  • This quiz has been taken 3 times
  • The average score is 18 of 104
Answer Stats
Type Year Name % Correct
Film 1939 Mr. Smith Goes to Washington
67%
Film 1939 Only Angels Have Wings
67%
Film 1943 The More the Merrier
67%
Film 1936 Adventure in Manhattan
33%
Film 1948 A Foreign Affair
33%
Film 1943 A Lady Takes a Chance
33%
Film 1940 Arizona
33%
Film 1923 Cameo Kirby
33%
Film 1930 Danger Lights
33%
Film 1935 Diamond Jim
33%
Film 1937 Easy Living
33%
Film 1931 Ex-Bad Boy
33%
Film 1927 Flying Luck
33%
Film 1933 Get That Venus
33%
TV Show 1965 Gunsmoke
33%
Film 1929 Half Way to Heaven
33%
Film 1937 History Is Made at Night
33%
Film 1935 If You Could Only Cook
33%
Film 1936 More Than a Secretary
33%
Film 1936 Mr. Deeds Goes to Town
33%
Film 1930 Paramount on Parade
33%
Film 1935 Party Wire
33%
Theater 1950-1951 Peter Pan
33%
Film 1935 Public Hero ﹟1
33%
Film 1925 Seven Chances
33%
Film 1953 Shane
33%
Film 1930 Street of Chance
33%
Film 1929 The Canary Murder Case
33%
Film 1926 The College Boob
33%
Film 1934 The Defense Rests
33%
Film 1941 The Devil and Miss Jones
33%
Film 1936 The Ex-Mrs. Bradford
33%
Film 1929 The Greene Murder Case
33%
Film 1944 The Impatient Years
33%
Film 1924 The Iron Horse
33%
TV Show 1966 The Jean Arthur Show
33%
Film 1931 The Lawyer's Secret
33%
Film 1934 The Most Precious Thing in Life
33%
Film 1929 The Mysterious Dr. Fu Manchu
33%
Film 1936 The Plainsman
33%
Film 1935 The Public Menace
33%
Film 1930 The Return of Dr. Fu Manchu
33%
Film 1929 The Saturday Night Kid
33%
Film 1942 The Talk of the Town
33%
Film 1935 The Whole Town's Talking
33%
Film 1940 Too Many Husbands
33%
Film 1934 Whirlpool
33%
Film 1924 Wine of Youth
33%
Film 1938 You Can't Take It with You
33%
Film 1930 Young Eagles
33%
Film 1925 A Man of Nerve
0%
Film 1924 Biff Bang Buddy
0%
Short Film 1927 Bigger and Better Blondes
0%
Film 1926 Born to Battle
0%
Film 1924 Bringin' Home the Bacon
0%
Film 1928 Brotherly Love
0%
Short Film 1924 Case Dismissed
0%
Theater 1942 Count Me In
0%
Film 1926 Double Daring
0%
Film 1928 Easy Come, Easy Go
0%
Short Film 1926 Eight-Cylinder Bull
0%
Film 1924 Fast and Fearless
0%
Theater 1975 First Monday in October
0%
Theater 1932 Foreign Affairs
0%
Short Film 1927 Hello Lafayette
0%
Film 1927 Horse Shoes
0%
Film 1927 Husband Hunters
0%
Film 1926 Lightning Bill
0%
Radio Series 1937 Lux Radio Theater
0%
Short Film 1923 Monks a la Mode
0%
Film 1928 Sins of the Fathers
0%
Short Film 1923 Somebody Lied
0%
Short Film 1923 Spring Fever
0%
Film 1929 Stairs of Sand
0%
Film 1925 Tearin' Loose
0%
Film 1926 The Block Signal
0%
Theater 1934 The Bride of Torozko
0%
Film 1927 The Broken Gate
0%
Film 1926 The Cowboy Cop
0%
Theater 1933 The Curtain Rises
0%
Film 1925 The Drug Store Cowboy
0%
Film 1926 The Fighting Cheat
0%
Film 1925 The Fighting Smile
0%
Theater 1967 The Freaking Out of Stephanie Blake
0%
Film 1931 The Gang Buster
0%
Film 1925 The Hurricane Horseman
0%
Short Film 1926 The Mad Racer
0%
Theater 1932 The Man Who Reclaimed His Head
0%
Film 1927 The Masked Menace
0%
Film 1933 The Past of Mary Holmes
0%
Film 1927 The Poor Nut
0%
Short Film 1924 The Powerful Eye
0%
Film 1926 The Roaring Rider
0%
Film 1930 The Silver Horde
0%
Film 1931 The Virtuous Husband
0%
Film 1924 Thundering Romance
0%
Film 1925 Thundering Through
0%
Film 1924 Travelin' Fast
0%
Theater 1933 Twenty-Five Dollars an Hour
0%
Film 1926 Twisted Triggers
0%
Film 1926 Under Fire
0%
Film 1928 Wallflowers
0%
Film 1928 Warming Up
0%
Film 1927 Winners of the Wilderness
0%
No matching quizzes found
Score Distribution
Percent of People with Each Score
Percentile by Number Answered
Your Score History
You have not taken this quiz